Normal view
MARC view
Entry Geographic Name
001 - CONTROL NUMBER
- control field: 15281
003 - CONTROL NUMBER IDENTIFIER
- control field: ARRUPE
005 - DATE AND TIME OF LATEST TRANSACTION
- control field: 20150218122548.0
008 - FIXED-LENGTH DATA ELEMENTS
- fixed length control field: 150218|| aca||aabn | a|a d
040 ## - CATALOGING SOURCE
- Original cataloging agency: ARRUPE
- Transcribing agency: ARRUPE
151 ## - HEADING--GEOGRAPHIC NAME
- Geographic name: Tanzania
- General subdivision: Economic conditions.
670 ## - SOURCE DATA FOUND
- Source citation: Work cat.: (ARRUPE)0: Coulson, Andrew, author. 15280, Tanzania :, 2013